Generation Z-Quiz - Statistiken

Allgemein
  • Dieses Quiz wurde 75 mal gespielt
  • Das Durchschnittsergebnis liegt bei 10 aus 15
Antwortstatistiken
Der/Die/Das beliebteste ... Gen Z-Antwort % Korrekt
Deutsche Stadt Berlin
94%
Smartphone-Marke Apple
92%
Social Media-Plattform Instagram
91%
Streamingdienst Netflix
88%
Süßgetränk Coca-Cola
82%
Online-Händler Amazon
80%
Musikrichtung Rap/Hip-Hop
80%
Schulfach Sport
80%
Videospiel Fortnite
62%
Hobby Im Internet surfen & Gaming
56%
Kommunikations-App Snapchat
56%
Sport (ausüben) Fitnessstudio
53%
Modemarke Nike
48%
Automarke Porsche
47%
Frisur Brokkoli-Frisur/Zoomer
2%
Keine übereinstimmenden Quizze gefunden
Verteilung der Resultate
Anzahl Personen mit jedem Resultat
Perzentil nach korrekt beantworteten Fragen
Ihre Resultats-Entwicklung
Sie haben dieses Quiz noch nicht gespielt